Φορτώνει......

Handwriting tells /

Λεπτομέρειες βιβλιογραφικής εγγραφής
Κύριος συγγραφέας: Olyanova, Nadya
Γλώσσα:Undetermined
Έκδοση: London : Peter Owen , 1974.
LEADER 00419nam a2200133Ia 4500
001 79978
008 170722s9999 xx 000 0 und d
100 |a Olyanova, Nadya 
245 |a Handwriting tells / 
260 |a London :  |b Peter Owen ,  |c 1974. 
300 |a PpX+371, 23cm, 5ps 
942 |c GEN 
999 |c 93471  |d 93471 
952 |0 0  |1 0  |4 0  |6 S_686_K9  |7 0  |8 LC1  |9 131096  |a LIB  |b LIB  |d 2017-08-12  |h LC1  |o S:686 K9  |p 170886  |r 2017-08-12  |w 2017-08-12  |y GEN